Losing strands in the web of life : (Record no. 2946)

MARC details
000 -LEADER
fixed length control field 01208cam a2200337 a 4500
001 - CONTROL NUMBER
control field 4036792
003 - CONTROL NUMBER IDENTIFIER
control field OSt
005 - DATE AND TIME OF LATEST TRANSACTION
control field 20230629080824.0
008 - FIXED-LENGTH DATA ELEMENTS--GENERAL INFORMATION
fixed length control field 980615s1998 dcu b 000 0 eng d
010 ## - LIBRARY OF CONGRESS CONTROL NUMBER
LC control number 98060750
020 ## - INTERNATIONAL STANDARD BOOK NUMBER
International Standard Book Number 1878071432 (pbk.)
035 ## - SYSTEM CONTROL NUMBER
System control number (OCoLC)39212553
040 ## - CATALOGING SOURCE
Original cataloging agency ViWyC
Transcribing agency ViWyC
Modifying agency ODaU
-- IU
-- DLC
042 ## - AUTHENTICATION CODE
Authentication code lccopycat
082 00 - DEWEY DECIMAL CLASSIFICATION NUMBER
Classification number 333.95
Item number TUX
100 1# - MAIN ENTRY--PERSONAL NAME
Personal name Tuxill, John D.
245 10 - TITLE STATEMENT
Title Losing strands in the web of life :
Remainder of title vertebrate declines and the conservation of biological diversity /
Statement of responsibility, etc. John Tuxill ; Jane A. Peterson, editor.
260 ## - PUBLICATION, DISTRIBUTION, ETC. (IMPRINT)
Place of publication, distribution, etc. Washington, DC :
Name of publisher, distributor, etc. Worldwatch Institute,
Date of publication, distribution, etc. c1998.
300 ## - PHYSICAL DESCRIPTION
Extent 88 p. ;
Dimensions 22 cm.
440 #0 - SERIES STATEMENT/ADDED ENTRY--TITLE
Title Worldwatch paper ;
Volume/sequential designation 141
500 ## - GENERAL NOTE
General note "May 1998."
504 ## - BIBLIOGRAPHY, ETC. NOTE
Bibliography, etc Includes bibliographical references (p. 74-88).
650 #0 - SUBJECT ADDED ENTRY--TOPICAL TERM
Topical term or geographic name as entry element Wildlife conservation.
650 #0 - SUBJECT ADDED ENTRY--TOPICAL TERM
Topical term or geographic name as entry element Animal populations.
650 #0 - SUBJECT ADDED ENTRY--TOPICAL TERM
Topical term or geographic name as entry element Vertebrates
General subdivision Effect of habitat modification on.
650 #0 - SUBJECT ADDED ENTRY--TOPICAL TERM
Topical term or geographic name as entry element Biodiversity conservation.
700 1# - ADDED ENTRY--PERSONAL NAME
Personal name Peterson, Jane A.
906 ## - LOCAL DATA ELEMENT F, LDF (RLIN)
a 7
b cbc
c copycat
d 2
e opcn
f 19
g y-gencatlg
942 ## - ADDED ENTRY ELEMENTS (KOHA)
Source of classification or shelving scheme Dewey Decimal Classification
Koha item type Books
Holdings
Withdrawn status Lost status Source of classification or shelving scheme Damaged status Not for loan Home library Current library Date acquired Total Checkouts Full call number Barcode Date last seen Price effective from Koha item type
    Dewey Decimal Classification     County Hall Archives County Hall Archives 06/29/2023   333.95 TUX 10011266 06/29/2023 06/29/2023 Books
LIBRARY OPENING HOURS

When the Parliament is sitting: 8.00a.m - 7.00p.m or until the house adjourns
Mondays and Fridays and when the House is on Recess:  8.00a.m - 5.00p.m
Closed on Weekends and Public Holidays

Online Public Access Catalog (OPAC)
Website: http://www.parliament.go.ke
Bunge Library: https://libraryir.parliament.go.ke
Contact: library@parliament.go.ke | Tel no: (254-2)2221291 or 2848000 Ext 5043